000 00537nam a2200205Ia 4500
005 20250923145231.0
008 008 250917s9999 xx 000 0 eng d
037 _aTextual
040 _aDSWL
_beng
_cDSWL
041 _aeng
_2eng
084 _aY:434
_qDSWL
100 _aArendt, Hannah
_9833176
245 0 _aOn violence
_cby Hannah Arendt
260 _aAllen
_bLane The Penguin Press
_c1969
300 _a474p.
365 _aINR
_b25
925 _g25
942 _cTEXL
_hY:434
999 _c1448770
_d1448770